[Event "17. Torneo San Viator 2011"]
[Site "Madrid ESP"]
[Date "2011.09.25"]
[Round "1.1"]
[White "Pindado Del Carmen, Eliseo"]
[Black "Cabanas Jimenez, Andres"]
[Result "0-1"]
[WhiteElo "1655"]
[BlackElo "2229"]
[PlyCount "46"]
[EventDate "2011.09.25"]
[EventType "swiss"]
[EventRounds "9"]
[EventCountry "ESP"]
[Source "lmi"]
[SourceDate "2011.09.25"]

1. c4 Nf6 2. Nc3 d5 3. cxd5 Nxd5 4. Nxd5 Qxd5 5. e3 e5 6. Qa4+ Bd7 7. Qc4 Qa5
8. a3 c5 9. Qc3 Nc6 10. Bc4 Qc7 11. Bd5 Bd6 12. Nf3 O-O 13. Ng5 Ne7 14. Be4 h6
15. Nf3 f5 16. Qb3+ Kh8 17. Qxb7 fxe4 18. Qxe4 Bf5 19. Qc4 e4 20. Nh4 Bh7 21.
g3 Nc6 22. Ng2 Ne5 23. Qc3 Nd3+ 0-1

[Event "17. Torneo San Viator 2011"]
[Site "Madrid ESP"]
[Date "2011.09.25"]
[Round "1.2"]
[White "Perez Calahorra, Ricardo"]
[Black "Soto Martin, Pablo"]
[Result "1-0"]
[WhiteElo "2175"]
[BlackElo "1641"]
[PlyCount "87"]
[EventDate "2011.09.25"]
[EventType "swiss"]
[EventRounds "9"]
[EventCountry "ESP"]
[Source "lmi"]
[SourceDate "2011.09.25"]

1. d4 d5 2. c4 e6 3. g3 Nf6 4. Bg2 c6 5. Nf3 Nbd7 6. O-O Be7 7. Qc2 O-O 8. Nbd2
Qc7 9. e4 c5 10. cxd5 exd5 11. e5 Ne8 12. Re1 cxd4 13. Qxc7 Nxc7 14. Nxd4 Nc5
15. N2f3 Be6 16. Be3 Ne4 17. Rac1 Na6 18. Re2 Rac8 19. Rec2 Rxc2 20. Rxc2 Rc8
21. Rxc8+ Bxc8 22. Nd2 Bf5 23. Nxf5 Bb4 24. Nxe4 dxe4 25. Bxe4 g6 26. Bxb7 Nc7
27. Nd6 a5 28. a3 Bxd6 29. exd6 Ne6 30. Bb6 Kf8 31. Bd5 Ke8 32. Bxe6 fxe6 33.
Bxa5 Kd7 34. Bc7 Ke8 35. b4 e5 36. b5 Kd7 37. b6 Kc8 38. Bb8 Kxb8 39. d7 Kb7
40. d8=Q Kc6 41. Qc7+ Kb5 42. b7 Ka4 43. b8=R h5 44. Qa7# 1-0

[Event "17. Torneo San Viator 2011"]
[Site "Madrid ESP"]
[Date "2011.09.25"]
[Round "1.3"]
[White "Castro Uceda, Jose A"]
[Black "Cabanas Bravo, Juan Andres"]
[Result "0-1"]
[WhiteElo "1636"]
[BlackElo "2065"]
[PlyCount "88"]
[EventDate "2011.09.25"]
[EventType "swiss"]
[EventRounds "9"]
[EventCountry "ESP"]
[Source "lmi"]
[SourceDate "2011.09.25"]

1. d4 Nf6 2. c4 e5 3. dxe5 Ng4 4. Nf3 Bc5 5. e3 Nc6 6. Nc3 O-O 7. Bd3 Re8 8.
O-O Ngxe5 9. Bc2 d6 10. h3 Nxf3+ 11. Qxf3 Ne5 12. Qh5 g6 13. Qe2 Qh4 14. b3 Bg4
15. f3 Bd7 16. Nd5 Rac8 17. Bd2 c6 18. Nc3 f5 19. Be1 Qh6 20. Bf2 Bb6 21. e4
Bc7 22. Rad1 Rcd8 23. Bd4 Bc8 24. Qf2 c5 25. Bxe5 Rxe5 26. Nd5 Qg7 27. Rfe1 Ba5
28. Re2 Rf8 29. exf5 gxf5 30. f4 Re6 31. Re3 Bd7 32. Rg3 Rg6 33. Re3 Bd8 34.
Qe2 Kh8 35. Ne7 Bxe7 36. Rxe7 Rxg2+ 37. Qxg2 Qxe7 38. Kf2 Re8 39. Qf3 Qh4+ 40.
Kf1 Bc6 41. Qc3+ Kg8 42. Qd2 Qxh3+ 43. Kg1 Qh1+ 44. Kf2 Qg2# 0-1

[Event "17. Torneo San Viator 2011"]
[Site "Madrid ESP"]
[Date "2011.09.25"]
[Round "1.4"]
[White "Andalon Gomez, Carlos J"]
[Black "Garcia-Ines Sanchez, Gustavo"]
[Result "1-0"]
[WhiteElo "2052"]
[BlackElo "1633"]
[PlyCount "41"]
[EventDate "2011.09.25"]
[EventType "swiss"]
[EventRounds "9"]
[EventCountry "ESP"]
[Source "lmi"]
[SourceDate "2011.09.25"]

1. d4 Nf6 2. c4 g6 3. Nc3 Bg7 4. e4 d6 5. f4 Nbd7 6. Nf3 O-O 7. e5 dxe5 8. fxe5
Ne8 9. Bf4 e6 10. Bd3 c6 11. Bg5 f6 12. exf6 Ndxf6 13. O-O Qb6 14. Qe2 Qc7 15.
Rad1 h6 16. Bh4 g5 17. Bg3 Qf7 18. Ne5 Qh5 19. Qe1 g4 20. Bg6 Qg5 21. Bh4 1-0

[Event "17. Torneo San Viator 2011"]
[Site "Madrid ESP"]
[Date "2011.09.25"]
[Round "1.5"]
[White "Ruiz Bazaga, Miriam"]
[Black "Ruiz Sanchez, Roberto"]
[Result "0-1"]
[WhiteElo "1624"]
[BlackElo "1965"]
[PlyCount "96"]
[EventDate "2011.09.25"]
[EventType "swiss"]
[EventRounds "9"]
[EventCountry "ESP"]
[Source "lmi"]
[SourceDate "2011.09.25"]

1. e4 d6 2. d4 Nf6 3. Bd3 e5 4. dxe5 dxe5 5. Nc3 Nc6 6. Nf3 Bg4 7. Be3 a6 8.
Be2 Bb4 9. Qd3 O-O 10. O-O Qxd3 11. cxd3 Rad8 12. Rfd1 h6 13. Rac1 Be6 14. a3
Be7 15. d4 Bb3 16. Rd2 Ng4 17. d5 Nxe3 18. fxe3 Na5 19. Nxe5 Bg5 20. Kf2 f5 21.
Nf3 fxe4 22. Nxe4 Bxd5 23. Nexg5 Nb3 24. Rxd5 Rxd5 25. Rc3 Nd2 26. Ne6 Ne4+ 27.
Ke1 Nxc3 28. bxc3 Rf6 29. Bc4 Ra5 30. Neg5+ Kh8 31. Nf7+ Kh7 32. Bd3+ Kg8 33.
N7e5 Rxa3 34. Bc4+ Kh8 35. Nf7+ Kh7 36. Bd3+ Kg8 37. N7e5 b5 38. Nh4 Rxc3 39.
Kd2 Ra3 40. Nhg6 Rf2+ 41. Ke1 Rxg2 42. Ne7+ Kf8 43. N7g6+ Ke8 44. Kf1 Rxh2 45.
Kg1 Rd2 46. Bf1 Rxe3 47. Bg2 Re1+ 48. Bf1 Rdd1 0-1

[Event "17. Torneo San Viator 2011"]
[Site "Madrid ESP"]
[Date "2011.09.25"]
[Round "1.6"]
[White "Rosa Ramirez, Victor D"]
[Black "Plazuelo Pascual, Juan"]
[Result "1/2-1/2"]
[WhiteElo "1952"]
[BlackElo "1610"]
[PlyCount "60"]
[EventDate "2011.09.25"]
[EventType "swiss"]
[EventRounds "9"]
[EventCountry "ESP"]
[Source "lmi"]
[SourceDate "2011.09.25"]

1. e4 c6 2. d4 d5 3. f3 e6 4. Be3 Nf6 5. e5 Nfd7 6. f4 Qb6 7. Nd2 c5 8. c3 Nc6
9. Qc1 cxd4 10. cxd4 Nxd4 11. Ndf3 Nxf3+ 12. Nxf3 Bc5 13. Bxc5 Nxc5 14. Qc2 Bd7
15. O-O-O Ne4 16. Kb1 Rc8 17. Qb3 Qxb3 18. axb3 Nf2 19. Bd3 Nxd3 20. Rxd3 O-O
21. g4 Rc5 22. Rg1 Rfc8 23. b4 R5c7 24. h4 Ba4 25. Nd4 Bd7 26. f5 exf5 27. gxf5
Re8 28. f6 g6 29. Nf3 h5 30. Ka2 Bg4 1/2-1/2

[Event "17. Torneo San Viator 2011"]
[Site "Madrid ESP"]
[Date "2011.09.25"]
[Round "1.8"]
[White "Jimenez Elices, Jose Maria"]
[Black "Brasa Olmos, Joaquin"]
[Result "1-0"]
[WhiteElo "1930"]
[BlackElo "1583"]
[PlyCount "105"]
[EventDate "2011.09.25"]
[EventType "swiss"]
[EventRounds "9"]
[EventCountry "ESP"]
[Source "lmi"]
[SourceDate "2011.09.25"]

1. e4 c6 2. d4 d5 3. Nc3 dxe4 4. Nxe4 Bf5 5. Ng3 Bg6 6. h4 h6 7. Nf3 e6 8. h5
Bh7 9. Bd3 Bxd3 10. Qxd3 Nf6 11. Bf4 Nbd7 12. O-O-O Nd5 13. Bd2 Be7 14. Ne5 Nb4
15. Bxb4 Bxb4 16. Nxf7 Kxf7 17. Qg6+ Ke7 18. c3 Bxc3 19. bxc3 Qa5 20. Qxg7+ Kd6
21. Ne4+ Kc7 22. Qg3+ Kb6 23. Rd2 a6 24. Nd6 Ka7 25. Rb2 b5 26. c4 Rab8 27. c5
Rhg8 28. Qf3 Qc7 29. Qf4 e5 30. dxe5 Nxc5 31. Qe3 Qb6 32. Nc4 Nb3+ 33. Qxb3
bxc4 34. Qxb6+ Rxb6 35. Rxb6 Kxb6 36. g3 Rg5 37. Re1 Kc7 38. e6 Kd8 39. e7+ Ke8
40. Kb2 Rxh5 41. Kc3 Rh2 42. Re2 Rh1 43. Kxc4 Rc1+ 44. Kd4 c5+ 45. Kd5 c4 46.
Ke6 c3 47. f4 c2 48. f5 Rb1 49. Rxc2 Re1+ 50. Kf6 Rxe7 51. Rc8+ Kd7 52. Rc7+
Kxc7 53. Kxe7 1-0

[Event "17. Torneo San Viator 2011"]
[Site "Madrid ESP"]
[Date "2011.09.25"]
[Round "1.9"]
[White "Veiga Rodriguez, Pablo"]
[Black "Barahona Torrijos, Angel"]
[Result "0-1"]
[WhiteElo "1578"]
[BlackElo "1902"]
[PlyCount "40"]
[EventDate "2011.09.25"]
[EventType "swiss"]
[EventRounds "9"]
[EventCountry "ESP"]
[Source "lmi"]
[SourceDate "2011.09.25"]

1. e4 e5 2. Nf3 Nc6 3. Bc4 Nf6 4. Ng5 d5 5. exd5 b5 6. Bxb5 Qxd5 7. Bxc6+ Qxc6
8. Qf3 e4 9. Qb3 Bc5 10. O-O O-O 11. d3 Ba6 12. c4 exd3 13. Qxd3 Bxc4 14. Qd1
Bxf1 15. Kxf1 Rad8 16. Qc2 Qb5+ 17. Kg1 Rfe8 18. g3 Re1+ 19. Kg2 Qf1+ 20. Kf3
Qh1+ 0-1

[Event "17. Torneo San Viator 2011"]
[Site "Madrid ESP"]
[Date "2011.09.25"]
[Round "1.10"]
[White "Lucas Garcia, Pedro"]
[Black "Garcia Rojas, Juan Carlos"]
[Result "1-0"]
[WhiteElo "1885"]
[BlackElo "1565"]
[PlyCount "67"]
[EventDate "2011.09.25"]
[EventType "swiss"]
[EventRounds "9"]
[EventCountry "ESP"]
[Source "lmi"]
[SourceDate "2011.09.25"]

1. e4 e5 2. Nc3 Nf6 3. f4 Nc6 4. fxe5 Nxe5 5. d4 Ng6 6. Nf3 d6 7. Bc4 Be6 8.
Bxe6 fxe6 9. Qe2 Qd7 10. O-O O-O-O 11. Bf4 Be7 12. Rad1 h6 13. Bc1 Nh7 14. Qd3
Qe8 15. Be3 Bg5 16. d5 Kb8 17. Nxg5 hxg5 18. Qd4 b6 19. Qxg7 Rd7 20. Qd4 e5 21.
Qa4 Qc8 22. Rf5 Nh4 23. Rf2 g4 24. Rdf1 Rg7 25. Nb5 a6 26. Nxc7 Qxc7 27. Qxa6
Nf3+ 28. gxf3 gxf3+ 29. Kh1 Ng5 30. Bxg5 Rxg5 31. Rxf3 Rxh2+ 32. Kxh2 Qxc2+ 33.
R1f2 Rh5+ 34. Kg3 1-0

[Event "17. Torneo San Viator 2011"]
[Site "Madrid ESP"]
[Date "2011.09.25"]
[Round "1.11"]
[White "Garcia Alonso, David"]
[Black "Martinez Rubio, Felipe"]
[Result "0-1"]
[WhiteElo "1549"]
[BlackElo "1868"]
[PlyCount "102"]
[EventDate "2011.09.25"]
[EventType "swiss"]
[EventRounds "9"]
[EventCountry "ESP"]
[Source "lmi"]
[SourceDate "2011.09.25"]

1. e4 c5 2. c3 d5 3. exd5 Qxd5 4. d4 Nc6 5. Nf3 Bg4 6. Be2 cxd4 7. cxd4 e6 8.
Nc3 Bb4 9. O-O Qd7 10. Be3 Nf6 11. Qb3 Bxc3 12. bxc3 O-O 13. Rfd1 a6 14. Ne5
Nxe5 15. dxe5 Qc8 16. Bxg4 Nxg4 17. Bd4 b5 18. h3 Nh6 19. g4 Kh8 20. Be3 Ng8
21. a4 bxa4 22. Rxa4 Ne7 23. c4 Nc6 24. f4 Qc7 25. Rd6 Rfb8 26. Qd1 Rd8 27.
Rxd8+ Rxd8 28. Qa1 Rd3 29. Kf2 a5 30. Ra3 Rd8 31. Ra2 Nb4 32. Rxa5 Qxc4 33. Qd4
Qxd4 34. Bxd4 Nc6 35. Bb6 Rd2+ 36. Kg3 Rd3+ 37. Kg2 Nxa5 38. Bxa5 h6 39. Be1
Kg8 40. Bg3 Kf8 41. h4 Ke7 42. g5 h5 43. Bf2 g6 44. Bg1 Kd7 45. Bh2 Kc6 46. Bg3
Kd5 47. Be1 Ke4 48. Kf2 Kxf4 49. Kg2 Kxe5 50. Bg3+ Kf5 51. Kh3 e5 0-1

[Event "17. Torneo San Viator 2011"]
[Site "Madrid ESP"]
[Date "2011.09.25"]
[Round "1.12"]
[White "Pindado Campos, Raul"]
[Black "Cortijo Manso, Luis"]
[Result "1/2-1/2"]
[WhiteElo "1830"]
[BlackElo "1538"]
[PlyCount "103"]
[EventDate "2011.09.25"]
[EventType "swiss"]
[EventRounds "9"]
[EventCountry "ESP"]
[Source "lmi"]
[SourceDate "2011.09.25"]

1. d4 Nf6 2. c4 c5 3. d5 b5 4. cxb5 a6 5. Nc3 axb5 6. Nxb5 g6 7. Nc3 d6 8. e4
Bg7 9. Nf3 O-O 10. Be2 Nbd7 11. O-O Ng4 12. Bd2 Nge5 13. Nxe5 Nxe5 14. Qc1 Ba6
15. Bh6 Bxe2 16. Nxe2 Qb6 17. Bxg7 Kxg7 18. Qc2 Rfb8 19. b3 Qb4 20. Rfb1 Ra6
21. Rc1 Ra3 22. Nc3 Rba8 23. Na4 Qd4 24. Rd1 Qb4 25. f3 c4 26. Rab1 cxb3 27.
axb3 Rb8 28. f4 Nd7 29. Rdc1 Rxb3 30. Rxb3 Qxb3 31. Qxb3 Rxb3 32. Rc7 Nf6 33.
Rxe7 Kf8 34. Rc7 Nxe4 35. h3 h5 36. Rc4 f5 37. Kh2 Kf7 38. Rc7+ Kf6 39. Rc2 Rd3
40. Nb6 h4 41. Rc1 Rd4 42. Nd7+ Ke7 43. Nb6 Nc5 44. Re1+ Re4 45. Rxe4+ fxe4 46.
Kg1 Kf6 47. Kf2 Kf5 48. Ke3 Nd3 49. Nc4 Nxf4 50. Nxd6+ Ke5 51. Nf7+ Kf5 52. d6
1/2-1/2

[Event "17. Torneo San Viator 2011"]
[Site "Madrid ESP"]
[Date "2011.09.25"]
[Round "1.14"]
[White "Alonso Herrero, Ignacio"]
[Black "Salgado Duarte, Pablo"]
[Result "1-0"]
[WhiteElo "1812"]
[BlackElo "1484"]
[PlyCount "63"]
[EventDate "2011.09.25"]
[EventType "swiss"]
[EventRounds "9"]
[EventCountry "ESP"]
[Source "lmi"]
[SourceDate "2011.09.25"]

1. e4 e5 2. Bc4 Nf6 3. d4 exd4 4. Nf3 Bb4+ 5. c3 dxc3 6. bxc3 Be7 7. e5 Ng8 8.
Qd5 Nh6 9. Bxh6 O-O 10. Be3 d6 11. exd6 Bxd6 12. Qh5 Qe7 13. O-O Nc6 14. Bg5
Qe4 15. Nbd2 Qf5 16. Qh4 Na5 17. Nd4 Qg6 18. Bd5 h6 19. Be3 Re8 20. Be4 f5 21.
Bc2 Bd7 22. Bf4 Bxf4 23. Qxf4 Bc6 24. Nxc6 Nxc6 25. Qxf5 Qxf5 26. Bxf5 Re2 27.
Nf3 Rf8 28. Bd3 Re7 29. Rfe1 Rd7 30. Bb5 Rd6 31. Rad1 Rdf6 32. Rd7 1-0

[Event "17. Torneo San Viator 2011"]
[Site "Madrid ESP"]
[Date "2011.09.25"]
[Round "1.15"]
[White "Lianes Garcia, Marcos"]
[Black "Tolosana Esteban, Enrique"]
[Result "1-0"]
[WhiteElo "1430"]
[BlackElo "1806"]
[PlyCount "71"]
[EventDate "2011.09.25"]
[EventType "swiss"]
[EventRounds "9"]
[EventCountry "ESP"]
[Source "lmi"]
[SourceDate "2011.09.25"]

1. e4 Nc6 2. Nf3 d5 3. exd5 Qxd5 4. Nc3 Qa5 5. d4 Bg4 6. Be2 O-O-O 7. Be3 Nf6
8. h3 Bh5 9. O-O Bxf3 10. Bxf3 Nxd4 11. Bxd4 e5 12. Bg4+ Nxg4 13. Qxg4+ Kb8 14.
Be3 Bd6 15. Qa4 Qxa4 16. Nxa4 f5 17. Rad1 b6 18. Rd5 f4 19. Bc1 c6 20. Rd3 g5
21. Rfd1 Kc7 22. Nc3 Rhe8 23. Ne4 Be7 24. Rxd8 Bxd8 25. b3 c5 26. c4 Be7 27.
Bb2 Bd8 28. Rd5 Re7 29. Nxg5 Kc8 30. Bxe5 h6 31. Nf3 Re8 32. Kf1 a5 33. Nd2 Rf8
34. f3 Rf7 35. Ne4 Ra7 36. Nd6+ 1-0

[Event "17. Torneo San Viator 2011"]
[Site "Madrid ESP"]
[Date "2011.09.25"]
[Round "1.16"]
[White "Garcia-Ruiz Fuentes, Marcos"]
[Black "Soto Martin, Miguel"]
[Result "1-0"]
[WhiteElo "1801"]
[BlackElo "1411"]
[PlyCount "119"]
[EventDate "2011.09.25"]
[EventType "swiss"]
[EventRounds "9"]
[EventCountry "ESP"]
[Source "lmi"]
[SourceDate "2011.09.25"]

1. e4 e5 2. Bc4 Nf6 3. d4 d6 4. dxe5 dxe5 5. Bxf7+ Ke7 6. Qxd8+ Kxd8 7. Nf3 Bc5
8. Nc3 Nc6 9. Bg5 Ke7 10. Bb3 Be6 11. O-O-O h6 12. Bh4 g5 13. Bg3 Rhg8 14. Nd5+
Bxd5 15. exd5 Nd4 16. Bxe5 Ne8 17. Bxd4 Bxd4 18. Nxd4 Rd8 19. d6+ Nxd6 20. Bxg8
Rxg8 21. Ne2 Kd7 22. Ng3 Kc8 23. Ne4 Rd8 24. Nxd6+ Rxd6 25. Rxd6 cxd6 26. h4
Kd7 27. hxg5 hxg5 28. Rh5 Ke6 29. Rxg5 Kf6 30. Rb5 b6 31. g4 Kg6 32. f4 Kf6 33.
Kd2 Ke6 34. g5 Kf7 35. f5 Kg7 36. Rd5 Kf7 37. Rxd6 Ke7 38. Rc6 Kf7 39. g6+ Kg7
40. Rc7+ Kf6 41. Rf7+ Ke5 42. g7 a5 43. g8=Q Kd5 44. Rc7+ Ke5 45. Qe6+ Kf4 46.
f6 Kg5 47. f7 b5 48. f8=N Kf4 49. Rf7+ Kg3 50. Qg6+ Kh2 51. Rf2+ Kh3 52. a4
bxa4 53. c4 a3 54. bxa3 a4 55. c5 Kh4 56. c6 Kh3 57. c7 Kh4 58. Rf1 Kh3 59.
c8=B+ Kh2 60. Qg1# 1-0

[Event "17. Torneo San Viator 2011"]
[Site "Madrid ESP"]
[Date "2011.09.25"]
[Round "1.17"]
[White "Perez Mondejar, Adler"]
[Black "Navarro Gonzalez, Jaime"]
[Result "0-1"]
[WhiteElo "1398"]
[BlackElo "1800"]
[PlyCount "188"]
[EventDate "2011.09.25"]
[EventType "swiss"]
[EventRounds "9"]
[EventCountry "ESP"]
[Source "lmi"]
[SourceDate "2011.09.25"]

1. e4 e5 2. Nf3 Nc6 3. Bc4 Nf6 4. Ng5 d5 5. exd5 Na5 6. Bb5+ Bd7 7. Bxd7+ Qxd7
8. Nc3 Nxd5 9. O-O O-O-O 10. Nxd5 Qxd5 11. Qf3 Qxf3 12. Nxf3 f6 13. d3 Nc6 14.
Be3 Be7 15. Rfd1 g5 16. d4 e4 17. d5 Nb4 18. Nd4 Nxd5 19. Nf5 Rhe8 20. Ng7 Nxe3
21. fxe3 Rg8 22. Nf5 Bc5 23. Kf2 Rge8 24. Ng7 Re5 25. g4 Red5 26. Rxd5 Rxd5 27.
Re1 Kd7 28. Nf5 h5 29. h3 h4 30. Ke2 Bd6 31. Rd1 Rb5 32. b3 Ra5 33. a4 b5 34.
axb5 Rxb5 35. Rd4 Re5 36. Ra4 a5 37. Rd4 Kc6 38. Kd1 Bc5 39. Rc4 Kb5 40. Ke2
Bd6 41. Rd4 Bb4 42. Kd1 c6 43. Rd8 Rd5+ 44. Rxd5+ cxd5 45. Nd4+ Kc5 46. Ne6+
Kd6 47. Nd4 Kc5 48. Ne6+ Kb6 49. Nd4 Bc3 50. Nf5 Kc5 51. Ke2 Kb4 52. Kd1 a4 53.
bxa4 Kxa4 54. Kc1 Kb5 55. Kd1 Kc5 56. Ke2 Be5 57. Kd2 Kb4 58. Kc1 Kc3 59. Kd1
d4 60. exd4 Bxd4 61. Kc1 Be5 62. Kd1 Bf4 63. Ke1 Kxc2 64. Ke2 Kc3 65. Nh6 Kd4
66. Nf5+ Ke5 67. Nh6 Bc1 68. Nf5 Kf4 69. Kd1 Bb2 70. Ke2 Be5 71. Kf2 Bc3 72.
Ke2 Be5 73. Kf2 Bc7 74. Ke2 Bb6 75. Ke1 Kf3 76. Kf1 e3 77. Ke1 Ba5+ 78. Kd1 e2+
79. Kc2 e1=Q 80. Nd4+ Kg2 81. Kd3 Qd2+ 82. Ke4 Qxd4+ 83. Kxd4 Kxh3 84. Ke4 Kxg4
85. Kd5 h3 86. Kd6 h2 87. Kd7 h1=Q 88. Ke7 Qc6 89. Kf7 f5 90. Kg7 Kh5 91. Kf8
Qb7 92. Ke8 Kg6 93. Kf8 Bb4+ 94. Ke8 Qe7# 0-1

[Event "17. Torneo San Viator 2011"]
[Site "Madrid ESP"]
[Date "2011.09.25"]
[Round "1.18"]
[White "Sarabia Lopez, Joaquin"]
[Black "Jimenez Perez, Federico"]
[Result "1-0"]
[WhiteElo "1799"]
[BlackElo "1330"]
[PlyCount "53"]
[EventDate "2011.09.25"]
[EventType "swiss"]
[EventRounds "9"]
[EventCountry "ESP"]
[Source "lmi"]
[SourceDate "2011.09.25"]

1. c4 Nf6 2. Nc3 g6 3. e4 e5 4. g3 Nc6 5. Bg2 Bg7 6. d3 O-O 7. Nge2 d6 8. O-O
Bg4 9. h3 Be6 10. Nd5 Bxd5 11. cxd5 Nd4 12. Nxd4 exd4 13. Bg5 Re8 14. Rc1 Qd7
15. Bxf6 Bxf6 16. f4 Bg7 17. g4 Bh6 18. g5 Bg7 19. h4 h5 20. Qf3 Rf8 21. Bh3
Qe7 22. f5 f6 23. fxg6 fxg5 24. Qxh5 Rf6 25. hxg5 Qe5 26. Qh7+ Kf8 27. Rxf6+
1-0

[Event "17. Torneo San Viator 2011"]
[Site "Madrid ESP"]
[Date "2011.10.01"]
[Round "2.2"]
[White "Cabanas Bravo, Juan Andres"]
[Black "Garcia-Ruiz Fuentes, Marcos"]
[Result "1-0"]
[WhiteElo "2065"]
[BlackElo "1801"]
[PlyCount "73"]
[EventDate "2011.09.25"]
[EventType "swiss"]
[EventRounds "9"]
[EventCountry "ESP"]
[Source "lmi"]
[SourceDate "2011.09.25"]

1. e4 c5 2. Nf3 d6 3. d4 cxd4 4. Nxd4 Nf6 5. Nc3 a6 6. Bg5 e6 7. f4 Qc7 8. Qf3
b5 9. Bxf6 gxf6 10. O-O-O b4 11. Nce2 h5 12. Ng3 h4 13. Nh5 Nd7 14. g4 Bb7 15.
Bd3 O-O-O 16. Rhe1 Kb8 17. Qf1 Qb6 18. Nf3 a5 19. Nxh4 a4 20. Nf3 d5 21. Bb5
Nc5 22. Nxf6 dxe4 23. Ne5 Bg7 24. g5 Bxf6 25. gxf6 b3 26. a3 bxc2 27. Kxc2
Rxh2+ 28. Kb1 Nd3 29. Re2 Rxe2 30. Qxe2 Qxb5 31. Nxf7 Rf8 32. Nd6 Qb3 33. Rd2
Qd5 34. Nxb7 Kxb7 35. Qg2 Ka6 36. Rc2 Rxf6 37. Qg8 1-0

[Event "17. Torneo San Viator 2011"]
[Site "Madrid ESP"]
[Date "2011.10.01"]
[Round "2.3"]
[White "Sarabia Utrilla, Joaquin"]
[Black "Andalon Gomez, Carlos J"]
[Result "0-1"]
[WhiteElo "1816"]
[BlackElo "2052"]
[PlyCount "60"]
[EventDate "2011.09.25"]
[EventType "swiss"]
[EventRounds "9"]
[EventCountry "ESP"]
[Source "lmi"]
[SourceDate "2011.09.25"]

1. d4 d5 2. c4 dxc4 3. e3 Nf6 4. Bxc4 e6 5. Nf3 Be7 6. O-O c5 7. dxc5 Qc7 8. b4
a5 9. Bb5+ Bd7 10. Bxd7+ Nbxd7 11. b5 O-O 12. a4 Nxc5 13. Ba3 Rfd8 14. Qc2 Nd5
15. Rc1 Rac8 16. Nbd2 Nb4 17. Bxb4 axb4 18. Nb3 Nxb3 19. Qxc7 Rxc7 20. Rxc7
Nxa1 21. g3 Kf8 22. Rxb7 b3 23. a5 b2 24. a6 b1=Q+ 25. Kg2 Qe4 26. b6 Nc2 27.
Rc7 Ne1+ 28. Kf1 Qd3+ 29. Kg1 Nxf3+ 30. Kg2 Qxa6 0-1

[Event "17. Torneo San Viator 2011"]
[Site "Madrid ESP"]
[Date "2011.10.01"]
[Round "2.4"]
[White "Ruiz Sanchez, Roberto"]
[Black "Sarabia Lopez, Joaquin"]
[Result "0-1"]
[WhiteElo "1965"]
[BlackElo "1799"]
[PlyCount "48"]
[EventDate "2011.09.25"]
[EventType "swiss"]
[EventRounds "9"]
[EventCountry "ESP"]
[Source "lmi"]
[SourceDate "2011.09.25"]

1. e4 e6 2. d4 d5 3. Nd2 c5 4. exd5 exd5 5. Ngf3 Nf6 6. Bb5+ Bd7 7. Bxd7+ Nbxd7
8. O-O Be7 9. dxc5 Nxc5 10. Nb3 O-O 11. Nxc5 Bxc5 12. Bg5 Be7 13. c3 Re8 14.
Qb3 Qc7 15. Rad1 Ne4 16. Bxe7 Rxe7 17. Rxd5 Rae8 18. Rfd1 h6 19. g3 Qc8 20. Nd4
Qh3 21. Nf5 Re6 22. Qc2 Ng5 23. f4 Nf3+ 24. Kf2 Qxh2+ 0-1

[Event "17. Torneo San Viator 2011"]
[Site "Madrid ESP"]
[Date "2011.10.01"]
[Round "2.5"]
[White "Navarro Gonzalez, Jaime"]
[Black "Cano Cabanillas, Javier"]
[Result "0-1"]
[WhiteElo "1800"]
[BlackElo "1948"]
[PlyCount "94"]
[EventDate "2011.09.25"]
[EventType "swiss"]
[EventRounds "9"]
[EventCountry "ESP"]
[Source "lmi"]
[SourceDate "2011.09.25"]

1. e4 e6 2. d4 d5 3. Nd2 Nf6 4. e5 Nfd7 5. Bd3 c5 6. c3 Nc6 7. Ne2 cxd4 8. cxd4
f6 9. exf6 Nxf6 10. O-O Bd6 11. Nf3 O-O 12. Bf4 Bxf4 13. Nxf4 Ne4 14. Ne2 Rxf3
15. gxf3 Ng5 16. Kh1 Nxf3 17. Ng1 Nfxd4 18. Qh5 g6 19. Bxg6 hxg6 20. Qxg6+ Kf8
21. Qh6+ Ke7 22. Qg7+ Kd6 23. Qg3+ Kd7 24. Nh3 Qf6 25. f4 Nf5 26. Qd3 Qd4 27.
Qe2 Qe4+ 28. Qxe4 dxe4 29. Rfe1 e3 30. Ng5 b6 31. Rad1+ Ke7 32. Kg1 Ba6 33. Ne4
Rg8+ 34. Ng5 Ncd4 35. Rxd4 Nxd4 36. Rxe3 Ne2+ 37. Kf2 Nxf4 38. h4 Bc4 39. b3
Bd5 40. Kg3 Nh5+ 41. Kg4 Nf6+ 42. Kf4 Rh8 43. Kg3 Rc8 44. Nh3 Ne4+ 45. Kg4 Rg8+
46. Ng5 Kd6 47. Kh5 Nf6+ 0-1

[Event "17. Torneo San Viator 2011"]
[Site "Madrid ESP"]
[Date "2011.10.01"]
[Round "2.6"]
[White "Ruiz Escobar, Israel"]
[Black "Jimenez Elices, Jose Maria"]
[Result "1-0"]
[WhiteElo "1757"]
[BlackElo "1930"]
[PlyCount "183"]
[EventDate "2011.09.25"]
[EventType "swiss"]
[EventRounds "9"]
[EventCountry "ESP"]
[Source "lmi"]
[SourceDate "2011.09.25"]

1. d4 d5 2. Bf4 Nf6 3. Nf3 e6 4. e3 c5 5. Nbd2 c4 6. c3 Bd6 7. Bg3 Qc7 8. Ne5
Nc6 9. f4 h5 10. Bh4 Be7 11. Bf2 Nxe5 12. fxe5 Ng4 13. Bg1 Bg5 14. Qf3 g6 15.
Qg3 Qe7 16. O-O-O b5 17. h3 Nh6 18. Nf3 f6 19. exf6 Bxf6 20. Qxg6+ Qf7 21.
Qxf7+ Nxf7 22. Bh2 Ke7 23. Be2 a5 24. Nd2 b4 25. e4 Bg5 26. Bf3 Bb7 27. exd5
Bxd5 28. Bxd5 exd5 29. Kc2 Bxd2 30. Rxd2 Nd6 31. Bxd6+ Kxd6 32. Rf1 Raf8 33.
Rdf2 Rxf2+ 34. Rxf2 Ke6 35. Kd2 Rg8 36. Ke2 bxc3 37. bxc3 Rb8 38. Ke3 a4 39. g4
hxg4 40. hxg4 a3 41. g5 Rg8 42. Rf6+ Ke7 43. Rf5 Ke6 44. Kf4 Rb8 45. Rf6+ Ke7
46. Ra6 Rb2 47. Rxa3 Rf2+ 48. Kg3 Rc2 49. Kf4 Ke6 50. g6 Rf2+ 51. Kg3 Rc2 52.
g7 Kf7 53. Kf4 Re2 54. Kf3 Rc2 55. Ra7+ Kg8 56. Ra3 Kxg7 57. Kf4 Kf6 58. Ra6+
Ke7 59. Ke5 Rxc3 60. Ra7+ Kd8 61. Kxd5 Rc1 62. Kd6 Kc8 63. Rc7+ Kd8 64. a4 c3
65. Rb7 Kc8 66. Rb4 c2 67. Rb2 Rd1 68. Rxc2+ Kb7 69. Kc5 Ra1 70. Kb4 Rb1+ 71.
Ka3 Rd1 72. Rc4 Kb6 73. Rb4+ Kc6 74. Kb3 Rb1+ 75. Kc4 Rc1+ 76. Kd3 Ra1 77. Kc2
Ra2+ 78. Kb3 Ra1 79. Rb5 Rb1+ 80. Kc4 Rc1+ 81. Kb4 Rb1+ 82. Ka5 Rd1 83. d5+ Kd6
84. Kb6 Rh1 85. a5 Rh8 86. a6 Rb8+ 87. Ka5 Ra8 88. Rb7 Kxd5 89. Kb6 Rc8 90. a7
Rc6+ 91. Kb5 Rc5+ 92. Kb4 1-0

[Event "17. Torneo San Viator 2011"]
[Site "Madrid ESP"]
[Date "2011.10.01"]
[Round "2.7"]
[White "Barahona Torrijos, Angel"]
[Black "Moreno Zamora, Gregorio"]
[Result "1-0"]
[WhiteElo "1902"]
[BlackElo "1773"]
[PlyCount "59"]
[EventDate "2011.09.25"]
[EventType "swiss"]
[EventRounds "9"]
[EventCountry "ESP"]
[Source "lmi"]
[SourceDate "2011.09.25"]

1. e4 e5 2. Nf3 Nc6 3. Nc3 Nf6 4. d4 Bb4 5. Nxe5 Nxe5 6. dxe5 Nxe4 7. Qg4 Nxc3
8. Qxg7 Rf8 9. a3 Bc5 10. bxc3 Qh4 11. Qg3 Qh5 12. Be2 Qg6 13. Bd3 Qe6 14. O-O
b6 15. Be4 c6 16. Bg5 Ba6 17. Rfe1 h6 18. Bf6 Be7 19. Qh4 Kd8 20. Bxe7+ Qxe7
21. Qxh6 f6 22. exf6 Rxf6 23. Qg5 Qf7 24. Rad1 Kc7 25. Qe5+ d6 26. Qd4 Re8 27.
Bd3 c5 28. Qh4 Rxe1+ 29. Rxe1 Bb7 30. Qh7 1-0